00493nam a2200121Ia 4500008004100000020002200041041001200063100003100075245003700106260004000143440002400183650016400207231221s9999 xx 000 0 und d a978-0-8176-4539-7 aEnglish aHuaguang Zhang, Derong Liu 0aFuzzy Modeling and Fuzzy Control c2006bBirkhàˆuser BostonaNew York aControl Engineering aSystems Theory, Control; Mathematical Modeling and Industrial Mathematics; Vibration, Dynamical Systems, Control; Electrical Engineering; Models and Principles